<?xml version="1.0" encoding="UTF-8"?>
<record
    xmlns:xsi="http://www.w3.org/2001/XMLSchema-instance"
    xsi:schemaLocation="http://www.loc.gov/MARC21/slim http://www.loc.gov/standards/marcxml/schema/MARC21slim.xsd"
    xmlns="http://www.loc.gov/MARC21/slim">

  <leader>00186nam a2200085   4500</leader>
  <controlfield tag="001">1231378</controlfield>
  <controlfield tag="005">20250918110445.0</controlfield>
  <datafield tag="245" ind1=" " ind2=" ">
    <subfield code="a">KIRMIZI ARABANIN HAYALET&#x130;</subfield>
    <subfield code="c">AYT&#xDC;L AKAL</subfield>
  </datafield>
  <datafield tag="260" ind1=" " ind2=" ">
    <subfield code="b">TUDEM</subfield>
  </datafield>
  <datafield tag="999" ind1=" " ind2=" ">
    <subfield code="c">1231378</subfield>
    <subfield code="d">1231378</subfield>
  </datafield>
  <datafield tag="952" ind1=" " ind2=" ">
    <subfield code="0">0</subfield>
    <subfield code="1">0</subfield>
    <subfield code="2">ddc</subfield>
    <subfield code="4">0</subfield>
    <subfield code="7">0</subfield>
    <subfield code="a">1065</subfield>
    <subfield code="b">1065</subfield>
    <subfield code="d">2025-09-18</subfield>
    <subfield code="l">2</subfield>
    <subfield code="o">G/A</subfield>
    <subfield code="p">106518242</subfield>
    <subfield code="q">2025-10-29</subfield>
    <subfield code="r">2025-10-14 11:17:56</subfield>
    <subfield code="s">2025-10-14</subfield>
    <subfield code="w">2025-09-18</subfield>
    <subfield code="y">BK</subfield>
  </datafield>
</record>
